| 000 | 00575nam a22002057a 4500 | ||
|---|---|---|---|
| 005 | 20250402160556.0 | ||
| 010 | _aENG-144407 | ||
| 020 |
_a9788182904576 _c1495.00 |
||
| 035 | _aEN-127939 | ||
| 037 | _bDBAD | ||
| 082 | _a915.43 | ||
| 100 |
_aMehta ,Alok _980141 |
||
| 245 |
_aNaman Narmada Obeisance to Narmada/ _cAlok Mehta _hEnglish |
||
| 250 | _a1st | ||
| 260 |
_aGurgaon _bShubhi Publications _c2017 |
||
| 270 |
_a479, Sector-14,Gurugaon _bHaryana _e122001 |
||
| 300 |
_a98.p _c30cm. (Hb) |
||
| 700 | _980043 | ||
| 942 |
_2ddc _cEN _h915.43 _mMEH _e1 |
||
| 999 |
_c210682 _d210682 |
||